[Event "26th Christmas Open Masters"]
[Site "Zurich SUI"]
[Date "2002.12.27"]
[Round "2"]
[White "Dub,Z"]
[Black "Kveinys,A"]
[Result "0-1"]
[WhiteElo "2270"]
[BlackElo "2530"]

1.d4 Nf6 2.c4 e6 3.Nc3 Bb4 4.Qc2 O-O 5.a3 Bxc3+ 6.Qxc3 b6 7.Bg5 Bb7 8.f3 d6
9.e3 Nbd7 10.Bd3 c5 11.Ne2 Rc8 12.O-O cxd4 13.Qxd4 Ne5 14.b3 h6 15.Bxf6 Qxf6
16.Be4 d5 17.cxd5 exd5 18.Bxd5 Rfd8 19.e4 Rc2 20.f4 Rxe2 21.fxe5 Qg5 22.Rf2 Rxf2
23.Qxf2 Bxd5 24.exd5 Qxe5 25.Rd1 Rxd5 26.Rxd5 Qxd5 27.Qe3 Qc5  0-1

[Event "38th Junior"]
[Site "Hallsberg SWE"]
[Date "2002.12.28"]
[Round "1"]
[White "Nestorow,M"]
[Black "Gogin,R"]
[Result "0-1"]
[WhiteElo "2050"]
[BlackElo "2109"]

1.d4 Nf6 2.c4 e6 3.Nc3 Bb4 4.Qc2 O-O 5.Nf3 b6 6.a3 Bxc3+ 7.Qxc3 Ne4 8.Qc2 Bb7
9.e3 f5 10.b3 d6 11.Bd3 g5 12.O-O g4 13.Ne1 Ng5 14.d5 Qf6 15.Bb2 e5 16.f4 gxf3
17.Nxf3 Na6 18.Nxg5 Qxg5 19.Rf3 Kh8 20.Rg3 Qf6 21.Rf1 Bc8 22.Rgf3 Qg5 23.b4 Rf6
24.Rg3 Qh5 25.Rff3 Qf7 26.Rf1 Qh5 27.Rh3 Qg5 28.Rff3 Qg6 29.Qa4 Nb8 30.Qd1 a5
31.b5 Nd7 32.Rfg3 Qf7 33.Be2 Nf8 34.Bh5 Qe7 35.Rg5 f4 36.Bg4 fxe3 37.Bxc8 Rxc8
38.Qg4 Qf7 39.Rf3 Rxf3 40.gxf3 Re8 41.h4 Ng6 42.Rf5 Qe7 43.Rg5 Qf6 44.h5 Ne7
45.Qg3 Nf5 46.Qg4 Nd4 47.Bxd4 exd4 48.Rf5 e2 49.Rxf6 e1=Q+ 50.Kh2 Re2+ 51.Kh3 Qh1+
52.Kg3 Qh2+  0-1

[Event "North American Open"]
[Site "Las Vegas USA"]
[Date "2002.12.28"]
[Round "4"]
[White "Golod,V"]
[Black "Kacheishvili,G"]
[Result "1/2-1/2"]
[WhiteElo "2523"]
[BlackElo "2597"]

1.d4 Nf6 2.c4 e6 3.Nc3 Bb4 4.Qc2 O-O 5.a3 Bxc3+ 6.Qxc3 b6 7.Bg5 c5 8.dxc5 bxc5
9.f3 Nc6 10.e3 Rb8 11.Nh3 h6 12.Bxf6 Qxf6 13.Qxf6 gxf6 14.O-O-O Rd8 15.Nf2 f5
16.g4 fxg4 17.Rg1 Kf8 18.Nxg4 Ba6 19.Nxh6 Na5 20.Rxd7 Nb3+ 21.Kc2 Na1+ 22.Kc1 Nb3+  1/2-1/2

[Event "TCh-NOR Qualifier"]
[Site "NOR"]
[Date "2002.??.??"]
[Round "8"]
[White "Tisdall,J"]
[Black "Gausel,E"]
[Result "0-1"]
[WhiteElo "2492"]
[BlackElo "2520"]

1.d4 Nf6 2.c4 e6 3.Nc3 Bb4 4.Qc2 O-O 5.a3 Bxc3+ 6.Qxc3 b6 7.f3 c5 8.b4 cxd4
9.Qxd4 Nc6 10.Qc3 Bb7 11.Bb2 Rc8 12.e3 d5 13.Rd1 Qe7 14.Qb3 Rfd8 15.Nh3 a5
16.bxa5 dxc4 17.Rxd8+ Rxd8 18.Qxc4 Nxa5 19.Qb4 Qd7 20.Be2 Nd5 21.Qd4 f6 22.e4 e5
23.Qd3 Nc7 24.Qxd7 Rxd7 25.Bc3 Ba6 26.Bxa6 Nxa6 27.Ke2 Nc4 28.Nf2 Nc5 29.Bb4 Ne6
30.Re1 Nd4+ 31.Kf1 Nc2 32.Rc1 b5 33.Ke2 Nxb4 34.axb4 Rd2+ 35.Ke1 Rb2 36.Ra1 Ne3
37.Nd3 Nxg2+ 38.Kf1 Ne3+ 39.Ke1 Rxh2 40.Ra8+ Kf7 41.Nc5 Nc2+ 42.Kf1 Nd4  0-1

[Event "TCh-NOR Qualifier"]
[Site "NOR"]
[Date "2002.??.??"]
[Round "9"]
[White "Lahlum,H"]
[Black "Elseth,R"]
[Result "1-0"]
[WhiteElo "2225"]
[BlackElo "2363"]

1.d4 Nf6 2.c4 e6 3.Nc3 Bb4 4.Qc2 O-O 5.a3 Bxc3+ 6.Qxc3 b6 7.Bg5 Bb7 8.Nf3 d6
9.Nd2 Nbd7 10.f3 c5 11.e4 Re8 12.Bd3 Qc7 13.O-O d5 14.cxd5 exd5 15.e5 h6
16.Bxf6 gxf6 17.f4 Qd8 18.Bf5  1-0

[Event "35th Open"]
[Site "Trinec CZE"]
[Date "2003.01.04"]
[Round "9"]
[White "Neumann,P CZE"]
[Black "Vesselovsky,S"]
[Result "1/2-1/2"]
[WhiteElo "2437"]
[BlackElo "2420"]

1.d4 Nf6 2.c4 e6 3.Nc3 Bb4 4.Qc2 O-O 5.a3 Bxc3+ 6.Qxc3 d6 7.f3 c5 8.dxc5 dxc5
9.Bg5 Nc6 10.e3 e5 11.Bd3 h6 12.Bh4 Be6 13.Ne2 Ne4 14.Bxd8 Nxc3 15.Bh4 Nxe2
16.Kxe2 a5 17.Rac1 f6 18.a4 Nb4 19.Bb1 Rfd8 20.b3 Rd7 21.Rcd1 Rad8 22.Rxd7 Rxd7
23.Be1 Kf7 24.Bc3 Rd6 25.Rd1 Rb6 26.Rd2 Nc6 27.Bc2 Nb4 28.Bxb4 Rxb4 29.Rd8 Rb6
30.Ra8 Ra6 31.Rb8 Rb6 32.Kd2 Ke7 33.Kc3 f5 34.h3 g5 35.g4 f4 36.exf4 exf4
37.Be4 Bd7 38.Rh8 Kf7 39.Rh7+ Ke8 40.Bd5 Kd8 41.Rh8+ Kc7 42.Kc2 Rf6 43.Rh7 b6
44.Rh8 Kd6 45.Kd3 Ke5 46.Rh7 Bc6 47.Bxc6 Rxc6 48.Re7+ Kf6 49.Re8 Rd6+ 50.Kc2  1/2-1/2

[Event "Odessa Region Open"]
[Site "Odessa UKR"]
[Date "2003.01.17"]
[Round "8"]
[White "Pichugin,A"]
[Black "Sumets,A"]
[Result "1/2-1/2"]
[WhiteElo "2400"]
[BlackElo "2468"]

1.d4 Nf6 2.c4 e6 3.Nc3 Bb4 4.Qc2 O-O 5.a3 Bxc3+ 6.Qxc3 Ne4 7.Qc2 f5 8.Nh3 d6
9.f3 Nf6 10.e3 e5 11.Be2 exd4 12.exd4 Nc6 13.Qd1 Re8 14.d5 Ne5 15.O-O c6
16.Nf4 Qb6+ 17.Kh1 cxd5 18.cxd5 Bd7 19.b3 Re7 20.Ra2 Rae8 21.Bb2 Bb5 22.Bd4 Qa6
23.a4 Bxe2 24.Rxe2 g5 25.Nh3 Nxd5 26.Rfe1 Qa5 27.Nxg5 Nf4 28.Re3 Nd5 29.R3e2 Nf4
30.Re3 Nd5 31.R3e2  1/2-1/2

[Event "Open"]
[Site "Auckland AUS"]
[Date "2003.01.27"]
[Round "3"]
[White "Guthrie,D"]
[Black "Garbett,P"]
[Result "0-1"]
[WhiteElo "2160"]
[BlackElo "2329"]

1.d4 Nf6 2.c4 e6 3.Nc3 Bb4 4.Qc2 O-O 5.a3 Bxc3+ 6.Qxc3 Ne4 7.Qc2 f5 8.Nh3 d6
9.f3 Nf6 10.e3 e5 11.Be2 c5 12.d5 f4 13.Nf2 Nh5 14.Bd3 g6 15.Ne4 Bf5 16.exf4 Nxf4
17.Bxf4 exf4 18.O-O-O Bxe4 19.Bxe4 Qf6 20.g4 Nd7 21.h4 Ne5 22.h5 Kg7 23.Rh3 Rh8
24.Rdh1 Rae8 25.hxg6 hxg6 26.Qg2 Rxh3 27.Qxh3 Kf7 28.Qh7+ Qg7 29.Qh2 Nxc4
30.Qxf4+ Kg8 31.Qh2 Kf7 32.Qf4+ Ke7 33.Rh2 Kd7 34.Bf5+ gxf5 35.Qxc4 Qe5 36.Rh7+ Kc8
37.gxf5 Qe3+ 38.Kc2 Qxf3 39.Rxb7 Re2+ 40.Kb1 Qf1+  0-1

[Event "National I"]
[Site "Sautron FRA"]
[Date "2003.02.01"]
[Round "2"]
[White "Le Roch,D"]
[Black "Gervais,C"]
[Result "1-0"]
[WhiteElo "2077"]
[BlackElo "2151"]

1.d4 Nf6 2.c4 e6 3.Nc3 Bb4 4.Qc2 O-O 5.e4 b6 6.f4 Bb7 7.Bd3 h6 8.Nf3 d5 9.cxd5 exd5
10.e5 Ne4 11.O-O Bxc3 12.bxc3 c5 13.f5 f6 14.e6 Nd6 15.Nh4 Nc6 16.Ng6 Re8
17.Be3 cxd4 18.cxd4 Nb4 19.Qd2 Nxd3 20.Qxd3 a5 21.Bxh6 gxh6 22.Qg3 Kh7 23.e7 Rxe7
24.Nxe7 Qxe7 25.Qg6+ Kh8 26.Qxh6+ Kg8 27.Rae1 Ne4 28.Rf4 Qg7 29.Qh5 Kf8 30.Rg4 Qf7
31.Qh6+ Ke8 32.Rg7 Qf8 33.Qg6+  1-0

[Event "Tch-SWE 2002-3"]
[Site "Sweden SWE"]
[Date "2003.02.08"]
[Round "7"]
[White "Popov,Val"]
[Black "Lindberg,Be"]
[Result "1-0"]
[WhiteElo "2579"]
[BlackElo "2382"]

1.d4 Nf6 2.c4 e6 3.Nc3 Bb4 4.Qc2 O-O 5.a3 Bxc3+ 6.Qxc3 b6 7.Bg5 Bb7 8.f3 h6
9.Bh4 d5 10.Rc1 c5 11.e3 cxd4 12.Qxd4 g5 13.Bg3 Nc6 14.Qc3 Rc8 15.h4 dxc4
16.e4 Nh5 17.Rd1 Qf6 18.Qxf6 Nxf6 19.hxg5 hxg5 20.Bxc4 Kg7 21.Nh3 Kg6 22.Kf2 Nh5
23.Bh2 Rfd8 24.Rxd8 Rxd8 25.Ke3 e5 26.Bd5 Nf4 27.Bxf4 exf4+ 28.Kf2 Na5 29.Bxb7 Nxb7
30.Ke2 Na5 31.Nf2 Nc4 32.Nd3 f6 33.Rc1 Rd4 34.Rc3 Kf7 35.a4 Ke6 36.b3 Ne5
37.Nxe5 fxe5 38.Rc6+ Rd6 39.Rc7 Rd7 40.Rc6+ Rd6 41.Rc7 Rd7 42.Rc8 g4 43.fxg4 Rd4
44.Rc4 Rd7 45.Rc6+ Kf7 46.g5 Rd4 47.g6+ Kg7 48.Kf3 Rd2 49.Re6 Kh6 50.Rxe5 Kxg6
51.Re7 Kg5 52.Rg7+ Kf6 53.Rxa7  1-0

[Event "Hrokurinn"]
[Site "Reykjavic ISL"]
[Date "2003.02.26"]
[Round "8"]
[White "Stefansson,H"]
[Black "Korchnoi,V"]
[Result "0-1"]
[WhiteElo "2569"]
[BlackElo "2642"]

1.d4 Nf6 2.c4 e6 3.Nc3 Bb4 4.Qc2 O-O 5.a3 Bxc3+ 6.Qxc3 d6 7.Bg5 Nbd7 8.e3 e5
9.dxe5 dxe5 10.Bd3 a5 11.b3 Nc5 12.Bc2 Qd6 13.f3 Re8 14.Ne2 Qc6 15.O-O a4
16.b4 Nb3 17.Bxb3 axb3 18.Bxf6 gxf6 19.b5 Qc5 20.Qxb3 Be6 21.Rfc1 Red8 22.Ng3 f5
23.Kh1 Rd6 24.h3 Rad8 25.Rc3 R6d7 26.Rf1 Rd2 27.Rfc1 Qe7 28.Nf1 R2d7 29.Qc2 Qh4
30.Qe2 Kh8 31.R3c2 Rd6 32.Rc3 R6d7 33.c5 c6 34.bxc6 bxc6 35.R3c2 Qa4 36.Qf2 f6
37.Rc3 Rg7 38.e4 fxe4 39.f4 Qd4 40.Ne3 Rdg8 41.f5 Rxg2 42.Qh4 Qd2 43.Qxf6+ R8g7
44.Qxe5 Rg3  0-1

[Event "10th Metalis Open"]
[Site "Bizovac CRO"]
[Date "2003.03.01"]
[Round "7"]
[White "Teofilovic,V"]
[Black "Brkic,A"]
[Result "0-1"]
[WhiteElo "2242"]
[BlackElo "2402"]

1.d4 Nf6 2.c4 e6 3.Nc3 Bb4 4.Qc2 O-O 5.a3 Bxc3+ 6.Qxc3 b6 7.Bg5 Bb7 8.f3 a6
9.Bh4 d6 10.e4 c5 11.d5 Nbd7 12.dxe6 fxe6 13.O-O-O Nxe4 14.Qe1 g5 15.fxe4 gxh4
16.Nf3 Ne5 17.Qe3 Qf6 18.Rxd6 Ng4 19.e5 Nxe3 20.exf6 Rxf6 21.Bd3 h3 22.Ne5 hxg2
23.Rg1 Raf8 24.Rd7 Bc6 25.Re7 Rd8 26.Kd2 Rf1 27.Rxg2+ Nxg2 28.Nxc6 Rd6 29.Kc3 Rf3
30.Ne5 Re3  0-1

[Event "Edda Rapid"]
[Site "Reykjavic ISL"]
[Date "2003.03.03"]
[Round "3"]
[White "Hjartarson,J"]
[Black "Thorhallsson,G"]
[Result "1-0"]
[WhiteElo "2634"]
[BlackElo "2202"]

1.d4 Nf6 2.c4 e6 3.Nc3 Bb4 4.Qc2 O-O 5.a3 Bxc3+ 6.Qxc3 d5 7.Bg5 Nbd7 8.e3 h6
9.Bh4 c5 10.dxc5 Ne4 11.Bxd8 Nxc3 12.Bh4 Ne4 13.cxd5 exd5 14.Rd1 g5 15.Bg3 Ndxc5
16.f3 Nxg3 17.hxg3 Be6 18.Rxh6 Rac8 19.Ne2 Nb3 20.Nc3 Rfd8 21.Kf2 d4 22.exd4 Nxd4
23.Bd3 Bb3 24.Rdh1 Ne6 25.Ke3 Bc4 26.Rh8+ Kg7 27.R1h7+ Kf6 28.Rxd8 Nxd8 29.Rh8 Bxd3
30.Kxd3 Ke7 31.g4 Rc6 32.g3 Ne6 33.Ke3 Nc5 34.f4 Re6+ 35.Kd4 Nb3+ 36.Kc4 Nd2+
37.Kd3 Rd6+ 38.Kc2 Nf1 39.Ne4 Ne3+ 40.Kc3 Rc6+ 41.Kd3 gxf4 42.gxf4 Nxg4 43.Ra8 a6
44.Rb8 Rc7 45.Kd4 Nh2 46.Nc5 b5 47.Rb6 Nf3+ 48.Kd5  1-0

[Event "FSIMB March"]
[Site "Budapest HUN"]
[Date "2003.03.04"]
[Round "4"]
[White "Kaposztas,M"]
[Black "Harmon,C"]
[Result "1/2-1/2"]
[WhiteElo "2268"]
[BlackElo "2198"]

1.d4 Nf6 2.c4 e6 3.Nc3 Bb4 4.Qc2 O-O 5.a3 Bxc3+ 6.Qxc3 Ne4 7.Qc2 f5 8.Nf3 b6
9.g3 Bb7 10.Bg2 a5 11.O-O Nf6 12.b3 Be4 13.Qc3 d6 14.Bb2 Nbd7 15.b4 Qe7 16.Rfd1 Nh5
17.e3 g5 18.Qe1 Qf6 19.Bc3 a4 20.Qe2 Qh6 21.h4 g4 22.Ne1 Bxg2 23.Nxg2 Nhf6
24.Rac1 Ne4 25.Bb2  1/2-1/2

[Event "Edda Rapid"]
[Site "Reykjavic ISL"]
[Date "2003.03.04"]
[Round "4"]
[White "Thorarinsson,P"]
[Black "Bergsson,S"]
[Result "1-0"]
[WhiteElo "2265"]
[BlackElo "2021"]

1.d4 Nf6 2.c4 e6 3.Nc3 Bb4 4.Qc2 O-O 5.a3 Bxc3+ 6.Qxc3 b6 7.Bg5 c5 8.dxc5 bxc5
9.e3 Bb7 10.Bxf6 Qxf6 11.Qxf6 gxf6 12.O-O-O d5 13.cxd5 Bxd5 14.Ne2 Nc6 15.Nf4 Bb3
16.Rd3 c4 17.Rc3 Na5 18.Nh5 f5 19.Be2 Rfd8 20.e4 Ba2 21.Bd1 Rd3 22.exf5 exf5
23.Bc2 Nb3+ 24.Bxb3 Rxc3+ 25.bxc3 cxb3 26.Rd1 h6 27.Nf4 Rc8 28.Kb2 Re8 29.g3 Re4
30.f3 Re8 31.c4 Re3 32.c5 Rxf3 33.Nd3 Re3 34.Rd2 Re7 35.Nb4  1-0

[Event "Victor Ciocaltea Mem"]
[Site "Bucharest ROM"]
[Date "2003.03.07"]
[Round "4"]
[White "Grigore,Ge"]
[Black "Firman,N"]
[Result "1-0"]
[WhiteElo "2482"]
[BlackElo "2496"]

1.d4 Nf6 2.c4 e6 3.Nc3 Bb4 4.Qc2 O-O 5.a3 Bxc3+ 6.Qxc3 b6 7.g3 Bb7 8.Nf3 d6
9.Bg2 Nbd7 10.O-O Ne4 11.Qc2 Rb8 12.Ne1 Nef6 13.e4 c5 14.d5 b5 15.b3 bxc4
16.bxc4 Ba6 17.Nd3 Re8 18.Bf4 e5 19.Bd2 Nb6 20.Nb2 Re7 21.Rae1 Reb7 22.Bc1 Ne8
23.f4 Re7 24.f5 Reb7 25.Rf3 Nd7 26.Bf1 Qa5 27.Ree3 Nef6 28.h3 Nh5 29.Rf2 Ndf6
30.Kg2 Nd7 31.Be2 Nhf6 32.g4 g5 33.fxg6 fxg6 34.Ref3 Qe1 35.Nd3 Qa5 36.Rxf6 Nxf6
37.Rxf6 Rb3 38.Bh6 Qc3 39.Qd1 Qa5 40.Qxb3  1-0

[Event "Stroer Trophy"]
[Site "Cannes FRA"]
[Date "2003.03.13"]
[Round "7"]
[White "Foisor,C"]
[Black "Muller,A"]
[Result "1-0"]
[WhiteElo "2403"]
[BlackElo "2176"]

1.d4 Nf6 2.c4 e6 3.Nc3 Bb4 4.Qc2 O-O 5.Nf3 b6 6.e4 d5 7.e5 Ne4 8.Bd3 Bb7
9.O-O f5 10.exf6 Nxf6 11.Ng5 Qe7 12.Bxh7+ Kh8 13.Qd3 dxc4 14.Qh3 g6 15.Bxg6+ Kg7
16.Bc2 Rg8 17.Re1 Qd6 18.Bf4  1-0

[Event "19th Spring Fest"]
[Site "Budapest HUN"]
[Date "2003.03.16"]
[Round "3"]
[White "Varga,Cs2"]
[Black "Berczes,D"]
[Result "1-0"]
[WhiteElo "2160"]
[BlackElo "2261"]

1.d4 Nf6 2.c4 e6 3.Nc3 Bb4 4.Qc2 O-O 5.a3 Bxc3+ 6.Qxc3 b6 7.Bg5 Bb7 8.f3 h6
9.Bh4 d5 10.e3 Nbd7 11.cxd5 Nxd5 12.Bxd8 Nxc3 13.Bh4 Nd5 14.Bf2 f5 15.Bb5 c6
16.Bd3 e5 17.Ne2 Rae8 18.O-O e4 19.fxe4 fxe4 20.Bc4 Kh7 21.Nc3 N7f6 22.Nxd5 Nxd5
23.Rac1 Rf7 24.Rc2 Ref8 25.Rfc1 h5 26.h3 g5 27.b4 g4 28.hxg4 hxg4 29.Bxd5 cxd5
30.b5 Kg6 31.Bg3 Kh7 32.a4 Rd8 33.Rc7 Rdd7 34.Rxd7 Rxd7 35.Bb8 a6 36.Bc7 axb5
37.axb5 Ba8 38.Kh2 Kg6 39.Kg3 Kg5 40.Bxb6 Bb7 41.Bc7 Rg7 42.Be5 Rh7 43.Bf4+ Kf5
44.Rf1 Bc8 45.Be5+ Kg5 46.Rf8 Bb7 47.Rg8+ Kf5 48.Rxg4 Bc8 49.Rg8 Bb7 50.b6 Rd7
51.Kf2 Rh7 52.g4+ Ke6 53.g5 Ba6 54.g6 Rh3 55.g7  1-0

[Event "19th Spring Fest"]
[Site "Budapest HUN"]
[Date "2003.03.22"]
[Round "9"]
[White "Varga,Cs2"]
[Black "Rozsnyai,Ti"]
[Result "1-0"]
[WhiteElo "2160"]
[BlackElo "2119"]

1.d4 Nf6 2.c4 e6 3.Nc3 Bb4 4.Qc2 O-O 5.a3 Bxc3+ 6.Qxc3 d5 7.Bg5 h6 8.Bh4 Nbd7
9.e3 c6 10.Nf3 b6 11.cxd5 cxd5 12.Qc6 Rb8 13.Bg3 Bb7 14.Qa4 Ra8 15.Bd3 a6
16.Rc1 Qe7 17.O-O Rfc8 18.Qb3 Ne8 19.Ne5 Nxe5 20.Bxe5 Qd8 21.Qa4 Rxc1 22.Rxc1 Rc8
23.Rc3 Rxc3 24.bxc3 b5 25.Qb4 f6 26.Bg3 Kf7 27.a4 Qe7 28.axb5 Qxb4 29.cxb4 axb5
30.Bxb5 Ke7 31.Kf1 Nd6 32.Bxd6+ Kxd6 33.Ke2 Bc6 34.Bd3 Ba4 35.Kd2 Kc6 36.Kc3 Kb6
37.Kb2 Bd7 38.Ka3 e5 39.Bc2 exd4 40.exd4 Bb5 41.Bb3 Bc6 42.Ba4 Bb7 43.Be8 Bc8
44.Ka4 Be6 45.b5 Bg8 46.Bc6 Bf7 47.f4 Be6 48.Kb4 g6 49.h4 h5 50.g3 Bf7 51.Ka4 Be6
52.Be8 Bf5 53.Kb3 Bd3 54.Bf7 Be4 55.Be6 Bf3 56.f5 gxf5 57.Bxf5 Be2 58.Be6 Bxb5
59.Bxd5  1-0

[Event "IV Dos Hermanas Internet Final"]
[Site "ICC INT"]
[Date "2003.03.22"]
[Round "3.1"]
[White "Golod,V"]
[Black "Bauer,Ch"]
[Result "1-0"]
[WhiteElo "2532"]
[BlackElo "2579"]

1.d4 Nf6 2.c4 e6 3.Nc3 Bb4 4.Qc2 O-O 5.a3 Bxc3+ 6.Qxc3 d6 7.f3 d5 8.Bg5 Nbd7
9.e3 Re8 10.Nh3 c6 11.Be2 h6 12.Bh4 e5 13.cxd5 Nxd5 14.Bxd8 Nxc3 15.bxc3 Rxd8
16.Nf2 Kf8 17.e4 b6 18.O-O Ke7 19.a4 exd4 20.cxd4 Nf8 21.a5 Bd7 22.Rfb1 Ne6
23.Rb4 Be8 24.axb6 axb6 25.Rxa8 Rxa8 26.Ng4 c5 27.dxc5 bxc5 28.Rb7+ Kf8 29.Bc4 Rc8
30.Kf2 Nd8 31.Rb6 Bd7 32.Ne5 Be6 33.Bxe6 Nxe6 34.Rb7 Rc7 35.Rxc7 Nxc7 36.Nd7+ Ke7
37.Nxc5 Kd6 38.Nd3 Ke6 39.Ke3 Nb5 40.f4 f6 41.f5+ Kd6 42.Nf4 Ke7 43.Ne6 Kf7
44.g4 Na7 45.h4 Nc6 46.Kf4 Ne5 47.g5 hxg5+ 48.hxg5 Nd3+ 49.Ke3 Ne5 50.gxf6 gxf6
51.Nf4 Ng4+ 52.Kd4 Ke7 53.Nd5+ Kf7 54.Ne3 Nf2 55.Kd5 Ke7 56.Kd4 Kf7 57.Nf1 Ke7
58.Ng3 Ng4 59.Nh5 Nf2 60.Nf4 Kf7 61.Nd5 Ng4 62.Kd3 Nf2+ 63.Ke3 Ng4+ 64.Kf4 Ne5
65.Ne3 Nd3+ 66.Kg3 Nc5 67.Kf3 Nd3 68.Ng4 Ke7 69.Ke3 Nc5 70.Kd4 Nb3+ 71.Kd5 Nd2
72.Nh2 Kf7 73.Kd4 Ke7 74.Kd3 Nb3 75.Ng4 Nc5+ 76.Kd4 Nb3+ 77.Kd5 Nd2 78.Ne3 Nf3
79.Kc5 Ng5 80.Nd5+ Kf7 81.Nc3 Ke7 82.Kc6 Nf3 83.Nd5+ Kf7 84.Kd6 Ng5 85.Nc3 Ke8
86.Kc7 Ke7 87.Kc6 Ke8 88.Kd6 Kf7 89.Kd7 Kf8 90.Kd6 Ke8 91.Kc6 Ke7 92.Kc7 Kf7
93.Nb5 Ke7 94.Nd6 Nf3 95.Nc8+ Kf8 96.Kd7 Ng5 97.Nd6 Kg7 98.Ke7 Kg8 99.Kxf6 Nh7+
100.Ke7 Ng5 101.e5  1-0

[Event "FSIMB April"]
[Site "Budapest HUN"]
[Date "2003.04.09"]
[Round "5"]
[White "Woodward,T"]
[Black "Horvath,An"]
[Result "1-0"]
[WhiteElo "2250"]
[BlackElo "2278"]

1.d4 Nf6 2.c4 e6 3.Nc3 Bb4 4.Qc2 O-O 5.e4 d5 6.e5 Ne4 7.a3 Bxc3+ 8.bxc3 c5
9.Bd3 cxd4 10.cxd4 Qa5+ 11.Kf1 Nc6 12.Ne2 f5 13.Rb1 a6 14.g4 Bd7 15.Rxb7 Nb8
16.gxf5 Bc6 17.Re7 exf5 18.Rg1 g6 19.Bh6 Qxa3 20.Bxf8 Kxf8 21.Bxe4 Qxe7 22.Bxd5 Bxd5
23.cxd5 Nd7 24.Rg3 Nb6 25.Qc6  1-0

[Event "FSGM April"]
[Site "Budapest HUN"]
[Date "2003.04.13"]
[Round "9"]
[White "Papp,Ge"]
[Black "Farago,I"]
[Result "1/2-1/2"]
[WhiteElo "2362"]
[BlackElo "2477"]

1.d4 e6 2.c4 Nf6 3.Nc3 Bb4 4.Qc2 O-O 5.a3 Bxc3+ 6.Qxc3 b6 7.Bg5 Bb7 8.f3 h6
9.Bh4 d5 10.e3 Nbd7  1/2-1/2

[Event "TCh-CZE 2002-3"]
[Site "Czech Rep CZE"]
[Date "2003.04.13"]
[Round "11"]
[White "Sobek,J"]
[Black "Vavrak,P"]
[Result "1/2-1/2"]
[WhiteElo "2309"]
[BlackElo "2397"]

1.d4 e6 2.c4 Nf6 3.Nc3 Bb4 4.Qc2 O-O 5.a3 Bxc3+ 6.Qxc3 b6 7.Bg5 Bb7 8.f3 c5
9.dxc5 bxc5 10.e3 d6 11.Rd1 Qe7  1/2-1/2

[Event "Asian Teams w"]
[Site "Jodhpur IND"]
[Date "2003.04.13"]
[Round "7"]
[White "Nguyen Thi Thanh An"]
[Black "Samaganova,A"]
[Result "1-0"]
[WhiteElo "2339"]
[BlackElo "2109"]

1.d4 Nf6 2.c4 e6 3.Nc3 Bb4 4.Qc2 O-O 5.a3 Bxc3+ 6.Qxc3 b6 7.Qf3 d5 8.Bg5 Nbd7
9.cxd5 exd5 10.e3 Bb7 11.Bd3 Qe8 12.Qh3 c5 13.Bxf6 Nxf6 14.Nf3 Ne4 15.O-O f6
16.dxc5 bxc5 17.Rac1 Rc8 18.Rfd1 Qe7 19.Nd2 f5 20.Nf3 Bc6 21.Bb1 Rcd8 22.Ba2 Qf6
23.Rc2 Kh8 24.Nd2 Qe7 25.Qh5 Ba4 26.b3 Be8 27.Qe2 Bf7 28.Nxe4 dxe4 29.Rcd2 Rb8
30.Rd7 Qe5 31.Qc2 a5 32.h3 c4 33.bxc4 Rb2 34.Rxf7 Rfb8 35.Rxf5 Rxc2 36.Rxe5 Rxa2
37.Rxa5 h6 38.Re5 Rbb2 39.Rf1 Rxa3 40.Rxe4 Rc3 41.Rd1 Rcc2 42.Rf4 Rb4 43.Rdd4 Rb1+
44.Kh2 Rbb2 45.Kg3 Kh7 46.h4 Rb7 47.h5 g6 48.hxg6+ Kxg6 49.Rd6+ Kg7 50.Rg4+ Kh7
51.Rgg6 Rxc4 52.Rxh6+ Kg7 53.Rdg6+ Kf8 54.Rh8+ Kf7 55.Rh7+ Kxg6 56.Rxb7  1-0

[Event "XXXIV Open"]
[Site "Mar del Plata ARG"]
[Date "2003.04.13"]
[Round "2"]
[White "Panno,O"]
[Black "Jimenez,Jo"]
[Result "1-0"]
[WhiteElo "2487"]
[BlackElo "2232"]

1.d4 Nf6 2.c4 e6 3.Nc3 Bb4 4.Qc2 O-O 5.a3 Bxc3+ 6.Qxc3 b6 7.Bg5 h6 8.Bh4 c5
9.dxc5 bxc5 10.e3 a5 11.Bd3 Re8 12.Ne2 e5 13.Bxf6 Qxf6 14.Be4 Ra7 15.O-O Qb6
16.Rfd1 d6 17.Rd2 Be6 18.Rad1 Rd7 19.Bc2 Red8 20.Ng3 Nc6 21.h3 g6 22.Ne4 Kg7
23.Ba4 Qc7 24.f4 f6 25.fxe5 fxe5 26.Bxc6 Qxc6 27.Nxd6 Kf6 28.Rf1+ Bf5 29.Nxf5 gxf5
30.Rdf2 Qe4 31.Kh2 Rg7 32.Qxa5 Rdg8 33.Qb6+ Ke7 34.Qxc5+ Ke8 35.Rg1 Rg3 36.Qd5 Qxe3
37.Qe6+ Kd8 38.Rd1+ Kc7 39.Rd7+ Kb8 40.Qd6+  1-0

[Event "Seniorsko"]
[Site "Nisa YUG"]
[Date "2003.04.15"]
[Round "8"]
[White "Ostojic,N"]
[Black "Pavlovic,Drago"]
[Result "0-1"]
[WhiteElo "2435"]
[BlackElo "2237"]

1.d4 Nf6 2.c4 e6 3.Nc3 Bb4 4.Qc2 O-O 5.a3 Bxc3+ 6.Qxc3 Ne4 7.Qc2 f5 8.Nf3 b6
9.g3 Bb7 10.Bg2 Qc8 11.O-O d6 12.b4 Nd7 13.Bb2 Ndf6 14.e3 Qd7 15.Nd2 Nxd2
16.Qxd2 Bxg2 17.Kxg2 Rf7 18.d5 e5 19.f3 a5 20.b5 Qe7 21.h3 Nd7 22.e4 fxe4
23.fxe4 Nc5 24.Rxf7 Qxf7 25.Qe2 Rf8 26.Rb1 Qg6 27.Re1 Rf4  0-1

[Event "7th Neckar Open"]
[Site "Deizisau GER"]
[Date "2003.04.20"]
[Round "6"]
[White "Gustafsson,J"]
[Black "Schlecht,D"]
[Result "1-0"]
[WhiteElo "2573"]
[BlackElo "2392"]

1.d4 e6 2.c4 Nf6 3.Nc3 Bb4 4.Qc2 O-O 5.a3 Bxc3+ 6.Qxc3 d6 7.g3 e5 8.dxe5 dxe5
9.Bg2 Qe7 10.b4 a5 11.b5 a4 12.Bb2 Re8 13.Nf3 Nfd7 14.Qc2 f6 15.Bc3 Nc5 16.Nd2 Qd7
17.Bb4 Ne6 18.e3 c5 19.bxc6 bxc6 20.O-O Qc7 21.Ne4 Rd8 22.c5 Nd7 23.Nd6 Ndf8
24.f4 exf4 25.exf4 Ba6 26.Rfd1 Ra7 27.Qa2 g6 28.Re1  1-0

[Event "ch-DEN"]
[Site "Horsens DEN"]
[Date "2003.04.20"]
[Round "9"]
[White "Palo,D"]
[Black "Schandorff,L"]
[Result "1/2-1/2"]
[WhiteElo "2483"]
[BlackElo "2563"]

1.d4 Nf6 2.c4 e6 3.Nc3 Bb4 4.Qc2 O-O 5.a3 Bxc3+ 6.Qxc3 b6 7.Bg5 Bb7 8.f3 h6
9.Bh4 d5 10.e3 Nbd7 11.cxd5 Nxd5 12.Bxd8 Nxc3 13.Bh4 Nd5 14.Bf2 f5 15.Bb5 c6
16.Ba4 e5 17.Ne2 Rae8 18.O-O-O e4 19.Nc3 N7f6 20.Rhe1 g5 21.Bc2 Kg7 22.Nxd5 cxd5
23.Bg3 Nd7 24.f4 Kg6 25.Kd2 Rc8 26.Ba4 Bc6 27.Bb3 b5 28.Rc1 Nb6 29.Rc5 Nd7
30.Rc3 Nb6 31.Rc5 Nd7 32.Rc3 Nb6 33.Rc5  1/2-1/2

[Event "XXI Open"]
[Site "Metz FRA"]
[Date "2003.04.21"]
[Round "3"]
[White "Brunner,N"]
[Black "Kritz,L"]
[Result "1/2-1/2"]
[WhiteElo "2259"]
[BlackElo "2468"]

1.d4 Nf6 2.c4 e6 3.Nc3 Bb4 4.Qc2 O-O 5.a3 Bxc3+ 6.Qxc3 b6 7.Bg5 Bb7 8.e3 d6
9.f3 Nbd7 10.Bd3 Rc8 11.Ne2 c5 12.Qb3 Qc7 13.Rc1 Ba6 14.Qa4 Qb7 15.b4 cxb4
16.Qxb4 d5 17.Kf2 e5 18.Bxf6 Nxf6 19.dxe5 Nd7 20.Qb1 Nxe5 21.Bxh7+ Kh8 22.Qf5 Rfe8
23.Qh5 Rc6 24.Bg6+ Kg8 25.Qh7+ Kf8 26.Qh8+ Ke7 27.Qh4+ Kf8 28.Qh8+ Ke7 29.Qh4+ Kf8  1/2-1/2

[Event "XXI Open"]
[Site "Metz FRA"]
[Date "2003.04.22"]
[Round "4"]
[White "Wiley,To"]
[Black "Baklan,V"]
[Result "0-1"]
[WhiteElo "2319"]
[BlackElo "2607"]

1.d4 Nf6 2.c4 e6 3.Nc3 Bb4 4.Qc2 O-O 5.a3 Bxc3+ 6.Qxc3 d6 7.g3 e5 8.dxe5 dxe5
9.Bg2 Re8 10.Nf3 Nc6 11.Be3 a5 12.b3 Ng4 13.Bg5 Qd6 14.h3 e4 15.hxg4 exf3
16.Bxf3 Qg6 17.Be3 Bxg4 18.Bd5 Ne7 19.Bxb7 Rab8 20.Bf3 Bxf3 21.exf3 Nf5 22.g4 Nxe3
23.fxe3 Qb6 24.e4 Qxb3 25.Qxb3 Rxb3 26.Kf2 a4 27.Rhd1 h6 28.Rd7 Re6 29.Ke2 Rc6
30.Rd3 Rxc4 31.Rxb3 axb3 32.Rb1 Rc3 33.a4 Kf8 34.a5 Ke7 35.a6 Rc2+ 36.Ke3 Ra2
37.Rxb3 Rxa6 38.Rc3 Kd7 39.f4 Rd6 40.e5 Rd1 41.Ke4 Re1+ 42.Kf5 Rf1 43.Rc4 Re1
44.g5 hxg5 45.Kxg5 Rg1+ 46.Kf5 Rd1 47.Rc5 Rd4 48.Kg5 Rd1 49.Kf5 Rh1 50.Kg5 Rh8
51.f5 Rh1 52.Rd5+ Ke7 53.Rc5 f6+ 54.Kg4 Rg1+ 55.Kf4 Rf1+ 56.Kg4 Rg1+ 57.Kf4 fxe5+
58.Kxe5 Re1+ 59.Kf4 Kd6 60.Ra5 Re7  0-1

[Event "XXI Open"]
[Site "Metz FRA"]
[Date "2003.04.22"]
[Round "4"]
[White "Agrest,E"]
[Black "Jonkman,H"]
[Result "1-0"]
[WhiteElo "2591"]
[BlackElo "2431"]

1.c4 e6 2.Nc3 Nf6 3.d4 Bb4 4.Qc2 O-O 5.a3 Bxc3+ 6.Qxc3 d6 7.g3 e5 8.dxe5 dxe5
9.Bg2 Re8 10.h3 a5 11.Be3 a4 12.g4 Ra6 13.Nf3 Nc6 14.Nd2 Nd4 15.Bg5 Rb6 16.Rd1 Bd7
17.c5 Rb5 18.e3 Bc6 19.Bxc6 bxc6 20.Qc4 Qd5 21.Qxd5 Nc2+ 22.Ke2 cxd5 23.Bxf6 gxf6
24.Rb1 Reb8 25.Kd3 Rxb2 26.Kc3 d4+ 27.exd4 exd4+ 28.Kd3 Kf8 29.Rxb2 Rxb2
30.Rb1 Ra2 31.Rb7 Nxa3 32.Rxc7 Nb5 33.Rb7 Rb2 34.c6 a3 35.c7 Nd6 36.Rb8+ Ke7
37.c8=Q Nxc8 38.Rxc8 a2 39.Ra8 Rb1  1-0

[Event "Commonwealth Ch"]
[Site "Mumbai IND"]
[Date "2003.04.22"]
[Round "4"]
[White "Deshmukh,A"]
[Black "Bakre,T"]
[Result "1-0"]
[WhiteElo "2302"]
[BlackElo "2471"]

1.d4 Nf6 2.c4 e6 3.Nc3 Bb4 4.Qc2 O-O 5.a3 Bxc3+ 6.Qxc3 b6 7.f3 d5 8.b3 Nbd7
9.e3 Ba6 10.Bb2 Rc8 11.c5 Bxf1 12.Kxf1 Nb8 13.c6 Qe8 14.Rc1 Rd8 15.a4 Rd6
16.Ba3 Rxc6 17.Qd2 Rxc1+ 18.Qxc1 c5 19.dxc5 Qc8 20.Kf2 Re8 21.Ne2 Qd7 22.cxb6 axb6
23.Qc3 e5 24.Rc1 Qf5 25.Kg1 Nbd7 26.Bd6 h5 27.b4 h4 28.h3 Qe6 29.Qc6 d4 30.a5 bxa5
31.bxa5 d3 32.Nc3 Nb8 33.Qb6 Nfd7 34.Qc7 Na6 35.Qc6 Ndb8 36.Qd5 Qxd5 37.Nxd5 Rd8
38.Ne7+ Kf8 39.Nf5+ Kg8 40.f4  1-0